SERVICE TRAINING HANDBOOK ADVANCE COURSE (Record no. 27360)
[ view plain ]
| 000 -LEADER | |
|---|---|
| fixed length control field | 00282nam a2200133Ia 4500 |
| 082 ## - DEWEY DECIMAL CLASSIFICATION NUMBER | |
| Classification number | 629.3/SUZ |
| 100 ## - MAIN ENTRY--PERSONAL NAME | |
| Personal name | MARUTI SUZUKI |
| 245 ## - TITLE STATEMENT | |
| Title | SERVICE TRAINING HANDBOOK ADVANCE COURSE |
| 260 ## - PUBLICATION, DISTRIBUTION, ETC. | |
| Name of publisher, distributor, etc. | #N/A |
| 546 ## - LANGUAGE NOTE | |
| Language note | ENGLISH |
| 650 ## - SUBJECT ADDED ENTRY--TOPICAL TERM | |
| Topical term or geographic name entry element | MOTOR MECHANIC |
| 942 ## - ADDED ENTRY ELEMENTS (KOHA) | |
| Koha item type | BOOK |
| Withdrawn status | Lost status | Damaged status | Not for loan | Collection | Home library | Current library | Date acquired | Total Checkouts | Full call number | Barcode | Date last seen | Price effective from | Koha item type |
|---|---|---|---|---|---|---|---|---|---|---|---|---|---|
| ITI | Fr. Agnel's C.Rodrigues College of Engineering | Fr. Agnel's C.Rodrigues College of Engineering | 17/03/2023 | 629.3/SUZ | ITI1117 | 17/03/2023 | BOOK | ||||||
| ITI | Fr. Agnel's C.Rodrigues College of Engineering | Fr. Agnel's C.Rodrigues College of Engineering | 17/03/2023 | 629.3/SUZ | ITI1118 | 17/03/2023 | BOOK |